| 000 | 00429cam a2200181ua 4500 | ||
|---|---|---|---|
| 020 | _c500.00 | ||
| 041 |
_aeng _h |
||
| 082 |
_a631.5875 _bCHO/IR |
||
| 100 | _aChouhan, T S . | ||
| 245 |
_aIrrigation in arid lands / _cT S Chouhan. _hTextual Documents |
||
| 250 |
_a1 / _b. |
||
| 260 |
_aJaipur : _bPrintwell , _c1995. |
||
| 300 | _a228 ; . | ||
| 365 | _a500.00 | ||
| 504 | _a | ||
| 942 | _cBK | ||
| 999 |
_c9743 _d9743 |
||